Historia económica universal / (Record no. 144304)

MARC details
000 -LEADER
campo de control de longitud fija 00791nam a2200217 i 4500
001 - NÚMERO DE CONTROL
campo de control 144304
003 - IDENTIFICADOR DE NÚMERO DE CONTROL
campo de control ES-MaACL
005 - FECHA Y HORA DE LA ÚLTIMA TRANSACCIÓN
campo de control 20250809053827.0
007 - CAMPO FIJO DE DESCRIPCIÓN FÍSICA--INFORMACIÓN GENERAL
campo de control de longitud fija t|
008 - DATOS DE LONGITUD FIJA--INFORMACIÓN GENERAL
campo de control de longitud fija 070214s1941 sp r ||||1| spa d
100 1# - ENTRADA PRINCIPAL--NOMBRE DE PERSONA
Nombre de persona Sieveking, Heinrich.
9 (RLIN) 106291
245 10 - MENCIÓN DEL TÍTULO
Título Historia económica universal /
Mención de responsabilidad, etc. Heinrich Sieveking ; traducción del alemán por Pío Ballesteros.
260 ## - PUBLICACIÓN, DISTRIBUCIÓN, ETC.
Lugar de publicación, distribución, etc. Madrid :
Nombre del editor, distribuidor, etc. Revista de Derecho Privado,
Fecha de publicación, distribución, etc. 1941.
300 ## - DESCRIPCIÓN FÍSICA
Extensión VIII, 334 p. ;
Dimensiones 24 cm.
490 1# - MENCIÓN DE SERIE
Mención de serie Biblioteca de la revista de derecho privado. Serie E ;
Designación de volumen o secuencia 11
700 1# - ENTRADA AGREGADA--NOMBRE PERSONAL
Nombre de persona Ballesteros, Pío,
Fechas asociadas al nombre 1882-1952
9 (RLIN) 25043
830 00 - PUNTO DE ACCESO ADICIONAL DE SERIE-TÍTULO UNIFORME
Título uniforme Biblioteca de la Revista de derecho privado
Designación de volumen o secuencia 11
9 (RLIN) 182876
852 ## - LOCALIZACIÓN
Ubicación ES-MaACL
Número de control de estantería F-15859
Sublocalización o colección R.20492
852 ## - LOCALIZACIÓN
Ubicación ES-MaACL
Número de control de estantería B-9551
Sublocalización o colección R.19340
Holdings
Estatus retirado Estado de pérdida Estado de daño No para préstamo Biblioteca de origen Biblioteca actual Ubicación en estantería Fecha de adquisición Fuente de adquisición Total de préstamos Signatura topográfica completa Código de barras Visto por última vez Precio de reemplazo Tipo de ítem Koha
        Biblioteca del Ateneo de Madrid Biblioteca del Ateneo de Madrid Sala Pardo Bazán 17/01/2008     B-9551 1150137 23/02/2023 23/02/2023 Libro impreso
        Biblioteca del Ateneo de Madrid Biblioteca del Ateneo de Madrid Sala Pecera Planta 2 17/01/2008     F-15859 1150136 23/02/2023 23/02/2023 Libro impreso